| 000 | 00634nam a2200205 u 4500 | ||
|---|---|---|---|
| 005 | 20241016063829.0 | ||
| 008 | 150119s2006 es r 000 0 spa d | ||
| 020 | _a8428529396 | ||
| 035 | _aUPN01000201286 | ||
| 049 | _aI | ||
| 050 | 4 |
_aHM1281 _bV5.6 |
|
| 245 | 0 | 2 |
_aLa violencia / _ccoord. Juan Antonio López ; il. Catherine Proteaux ; tr. María Jesús García González. |
| 260 |
_aMadrid : _bSan Pablo, _c2006. |
||
| 300 |
_a53 p. : _bil. col. |
||
| 440 | 0 |
_aVivir juntos ; _v7 |
|
| 650 | 2 |
_aNo-violencia _916804 |
|
| 650 | 7 |
_aViolencia _xPrevención _2 _913657 |
|
| 700 | 1 |
_aLópez, Juan Antonio, _ecoord. |
|
| 905 | _aInfantil | ||
| 999 |
_c173387 _d173387 |
||